000 00756nam a2200265 i 4500
001 C2-0261000
003 PPAK
005 20180727230558.0
008 041109s2004 my a|||| ||||| | eng d
020 _a9831862007
040 _aPPAK
_beng
_cPPAK
_erda
082 0 4 _a428.6
_223
090 0 0 _a428.6
_bOOI
_dK
100 1 _aOoi, Marvin P.L.,
_eauthor
245 1 4 _aThe professor and the giant creatures
264 1 _aSubang Jaya, Selangor :
_bMika Canggih ,
_c2004
300 _a25 pages :
_bcolour illustrations ;
_c25 cm
336 _2rdacontent
_atext
337 _2rdamedia
_aunmediated
338 _2rdacarrier
_avolume
490 1 _aSimple-to-read series
650 1 0 _aReaders - Fiction.
830 0 _aSimple-to-read series
942 _ddc
_cB
999 _c71737
_d71737